000 00340nam a2200121Ia 4500
008 220217s9999||||xx |||||||||||||| ||und||
082 _a621.381 5
100 _aHarres company
_91273
245 0 _aNotional operational amplipairs data book
260 _aNational semiconductor
_bCalifornia
_c1996
300 _b995
650 _aCIRCUITRY
999 _c166159
_d166159